000 00965nam a22003017a 4500
999 _c782
_d782
001 003472
003 CoMeUDC003472
005 20190115211758.0
008 161201s2016 ck ||||fr|||| 001 0 spa d
020 _a9789583510205
040 _aCO-BoUCM
_bspa
_cCoMeUDC
041 0 _aspa
082 0 4 _220
_a347.05
_bF715
100 _aForero Silva, Jorge
_982389
245 1 0 _aMedidas cautelares en el codigo general del proceso /
_cJorge Forero Silva.
250 _aSegunda edición.
260 _aBogotá (Colombia) :
_bTemis,
_c2016.
300 _a138 páginas ;
500 _aIncluye índice
500 _aSegunda reimpresión de la segunda edición
650 7 _aMedidas cautelares
_zColombia
_959103
650 7 _910614
_aCaución
650 7 _914021
_aEmbargo
650 7 _97969
_aProcedimiento civil
690 0 _aDerecho procesal
_912822
700 1 _aParra Quijano, Jairo
_eprólogo
_935909
942 _cBK
_2ddc
_a8
_e2
_h347.05
_mF715me